The 108 Stars of Destiny of Suikoden II (Video Game) - Statistics

General Stats
  • This quiz has been taken 377 times
    358 since last reset
  • The average score is 65 of 108
Answer Stats
No. Character Clue % Correct
3 Nanami The headstrong, confident, adopted daughter of Genkaku. Adoptive sister of the player character.
98%
1 Riou The starting player character. The adopted son of Genkaku, adoptive brother of #3.
98%
20 Flik Central character dressed in blue. He now leads a mercenary company with #21. Forever grieving for Odessa.
94%
21 Viktor Central loudmouth character. Runs the mercenary fort with #20. Still hates vampires.
94%
10 Apple A former pupil of Mathiu Silverberg. She now assists his most promising former student, #23.
92%
27 Luc Powerful magician apprentice of Leknaat. Watches over the tablets marking the 108 stars.
92%
2 Mukumuku An adorable little squirrel with a red cape. There are four others, but he's the only Star of Destiny.
92%
23 Shu The tactician. Was the star pupil of Mathiu Silverberg, but he used his teachings for personal gain and lost favour.
91%
4 Gengen A kobold you meet early on. He's energetic, happy-go-lucky and his spirt is undefeatable.
86%
59 Jeane Immortal runemistress known for her stunning beauty who appears in all games, often scantily clad.
86%
75 Kasumi/Valeria You pick one of these two Suiko 1 women, now both generals in Toran. Ninja or fencer? Both excellent choices.
86%
6 Millie An eccentric girl dressed in blue who owns an unassuming monstrosity of a pet named Bonaparte.
84%
37 Clive A mysterious, hooded gunner of the Howling Voice Guild. Is hot on the trail of a woman named Elza.
82%
8 Shiro The wolf-dog compaion of #7. Rarely seen without him.
82%
61 Viki Clumsy magician who bears the Blinking Rune of teleportation. She has appeared in all main Suiko games.
82%
18 Eilie The younger sister of #19. She's the knife thrower with the red sash of the circus troupe trio.
81%
62 Futch A brave, young dragon knight from Toran in search of a new dragon. Helps with the war effort once he does.
81%
63 Humphrey Mintz A swordsman of few words from Suiko 1. Accompanying #62 on his quest when war breaks out.
79%
5 Rikimaru A swordsman on a quest for vengeance. He runs out of money and is starving when you get him out of a bind.
79%
19 Rina The older sister of #18. She's the fortune teller with the long hair and the green sash of the circus troupe trio.
79%
17 Bolgan The big, hulking fire breather of the circus troupe trio.
78%
29 Tai Ho Fisherman/Smuggler of Suiko 1. He took a job from Kun To and wound up in Dunan when war broke out.
78%
54 Tengaar #53's wife. Every bit the confident warrior he is not, but she brings out the best in him.
76%
22 Freed Yamamoto The aide to the mayor of South Window. A serious man and husband of #33.
75%
64 Camus One of two Knights of Matilda to join the Unification Army. He's the more amiable one dressed in red.
74%
41 Chaco A thieving young Winger person. Despite his lawless ways, he rallies Two River's divided people together.
74%
13 Tuta A young boy who serves as a travelling apprentice doctor. Trained by #25 and works beside him.
74%
11 Hanna Dressed in furs and swinging a big sword, this woman might make you think she's a berzerker, but she's not.
73%
53 Hix From the Warrior's Village of Toran. On a quest to be a warrior with his wife, #54.
73%
50 Meg Neice of the trickster Juppo. She sets out for adventure with his invention, #49, as her companion.
73%
65 Miklotov The other Matilda Knight to join you. He's a serious man with an unshakable sense of justice. Dressed in blue.
73%
107 Pesmerga An immortal, perhaps godly being who looks like a knight in black armour. Has a score to settle with Yuber.
73%
15 Templeton The castle cartographer from Suiko I. Though he hates war, this is the second one he's voluntarily joined.
73%
12 Tsai So skilled with the spear is this man that he was taught how to make Fire Spears. Father of #82.
73%
7 Kinnison A hunter found in Ryube forest, where he lives with #8. Nature is his thing.
72%
44 Stallion Blue-haired elf from Suiko 1. Bears the Godspeed Rune that allows him to run at blinding speeds.
72%
30 Yam Koo The easy-going oath brother of #29. He can be found fishing on the docks when #29 isn't getting into trouble.
72%
43 Ridley/Boris Wizen A no-nonsense Kobold who whips the Unification Army into shape. Or his son, depending on things go.
71%
76 Sheena Returns from Suiko 1. The womanizing son of the current President of Toran. Fantastic in battle.
71%
47 Sid A cackling psycho Winger living in the sewers of Two River, where he's known for terrifying residents.
69%
71 Abizboah/Feather/Sigfried Slot 1 for the three creatures to recruit: A griffin, a kraken or a unicorn. You can only pick two, so they share slots.
68%
72 Abizboah/Feather/Sigfried Slot 2 for the creatures. Kraken has a wife and kid that don't count as stars. Griffin is cool. Unicorn is weird.
68%
66 Kiba Windamier A respected Highland General. His loyalty is to Agares and he defects to your army when Agares is betrayed.
68%
56 Teresa Wisemail The much respected acting mayor of Greenhill. A diplomatic, educated woman with natural leadership skills.
68%
51 Wakaba A teenaged martial artist wearing orange. She's in search of her roaving mentor, #88.
68%
9 Zamza This guy is a great mage. Just ask him yourself, he'll gladly tell you. His Fire Dragon style backs his words up.
68%
26 Leona She's the keeper of the bar, first at the mercenary fort and later at the North Window Castle.
67%
24 Barbara A suffer-no-fools warehouse keeper who you first meet in the mercenary fort. Knew #21 from way back.
66%
81 Bob A man with dreadlocks who lives among the kobolds in Two-River. Turns out it's because he's a werewolf.
66%
99 Georg Prime A swordsman of unrivaled skill who has been and fought nearly everywhere, including Falena and Toran.
66%
84 Killey A frigid, ruthless man garbed in red. He's in pursuit of Sindar ruins. Knows #77 well, much to his chagrin.
66%
32 Richmond There ain't nuthin' this private eye can't get to the bottom of. Let this detective take care of your investigations.
66%
58 Shin The bodyguard of #56. A tall, imposing, quiet man dressed in orange who is not to be messed with.
66%
49 Gadget An invention of Juppo's that looks like a barrel on wheels. Constantly tries to hide from #50.
65%
14 Anita A fencer-type swordswoman of considerable skill. Her rival is the swordswoman of #75. Likes to drink.
64%
97 Sierra Mikain A vampiric woman who is nearly a millenia old. Had the Moon Rune stolen from her by Neclord.
64%
25 Huan The castle's doctor. Tends to the wounded with his dutiful assistant, #13. Bears a close resemblance to #23.
62%
86 Maximillian An aging knight who seeks to destroy evil wherever it might be. The character is an homage to Don Quixote.
62%
57 Nina A student of the Greenhill University with an unhealthy obsession with #20.
62%
105 Vincent De Boule A foppish aristocrat who believes he has friends everywhere. Although he really is friends with #74.
62%
33 Yoshino Yamamoto The devoted, caring wife of #22. She's good at laundry, better in battle. Don't take her shy nature as weakness.
62%
34 Alex Though a caring husband to #35 and father of their son, he gets caught up in his search for the Sindar ruins.
61%
67 Klaus Windamier Son of #66. Joins up with the Unification army when his father does. Quite the astute tactician for his age.
61%
77 Lorelai She's back! The explorer/mercenary from Suiko 1 who only joins the strong. Goes way back with #84.
60%
80 Sasuke The adolescent ninja you can recruit from Rokaku. Has a crush on the ninja at #75.
60%
45 Hai Yo This installation's enthusiastic chef. Has a tragic past with the Black Dragon Clan of cooks.
56%
108 Mazus Outside of his tutor, Crowley of Suiko 1, there's probably not a magician alive that can rival him.
56%
28 Amada This fisherman likes to duel so much, you fight him TWICE. Also watches the sluice gates of Radat.
55%
48 Gabocha A friendly young kobold who follows his hero, #4, into the Unification Army.
54%
35 Hilda #34's ever-patient wife. She tends an inn while #34 scours nearby Sindar ruins. Later runs an inn at the castle.
54%
93 Kahn Marley From a family of vampire hunters. Particularly interested in destroying Neclord.
53%
74 Simone Verdricci Although foppish, this aristocrat will swear eternal loyalty if you find his rose brooch. Pals with #105.
52%
39 Hans Suiko 2's castle armourer.
51%
85 Karen A dancer who was trained by Mina of Suiko 1. Her stage persona is wildly different from her mild appearance.
49%
31 Oulan A fierce warrior woman who offers to be your bodyguard. She's good at what she does, so take her up on it.
48%
70 Ayda This expert archer is a protector of the forest. She can sneak through the woods in major battles. #7 likes her.
47%
55 Emilia The librarian of the Greenhill university, she helps the player get around campus during its enemy occupation.
47%
88 Long Chan Chan The martial arts instructor of #51. Invented his own style that he teaches #51. Together they're a force.
47%
16 Gilbert The middle-aged leader of a mercenary company. Fights against you until #20 and #21 talk to him.
46%
82 Tomo Daughter of #12. She waits for him at his old hut and insists on joining when you find her.
45%
78 Gordon He's the first trader in the series. Trade goods and sundries enough and he'll open a shop in the castle.
44%
98 Jess He was the vice-mayor of muse. Accuses the player of killing the mayor, but withdraws the accusation later.
44%
36 Adlai Suiko 2's elevator operator. Quite the eccentric, to get his attention you have to throw a rune at him!
42%
79 Mondo The older of the two ninjas you can recruit from Rokaku. You get him earlier if you pick the ninja at #75.
42%
68 Badeaux A beastmaster of sorts. He lives in the woods, leads monsters/animals into battle and isn't very sociable.
40%
42 Fitcher An expert in foreign relations, despite his often foolish demeanor. Useful for covert diplomatic operations.
40%
92 Hauser The general of the Muse Army, until Luca Blight happens. Joins up when you prove yourself by slaying Neclord.
40%
87 Hoi Uses the main character's name when commiting robberies, getting him and the player beaten up.
40%
90 Raura A close friend of #59. She works with magic scrolls. Has a terrible sense of direction, though.
40%
38 Taki A kindly little granny. She joins up with the army to offer her decades of valuable wisdom.
40%
46 Shilo The chinchirorin-playing gambler of Suiko 2.
39%
52 Tony A hard-working farmer just in need of a place to set some crops. He'll feed you whole army if you let him.
39%
40 Tetsu The bathmaker/attendant for this game.
38%
60 Yuzu A child who happens to know a great deal about livestock. She tends to the animals at the castle.
38%
83 Annallee The timid little singer from Harmonia. Searching for her bandmates, #101 and #102, when you find her.
36%
100 Gantetsu A big, bald monk of nearly peerless strength. So strong is he, that you'll need half a dozen people to move him.
35%
106 Genshu A former assassin who quit the lifestyle. Still a fearsome swordsman. Also a sword enthusiast.
32%
73 Lebrante The game's appraiser. Really into collecting Celadon urns.
32%
102 Alberto The bass player and defacto leader of the band he performs in with #83 and #101.
31%
95 Lo Wen Middle child and sister to #91 and #94. Is kidnapped by Neclord, but can normally hold her own.
31%
101 Pico A handsome travelling troubadour who excites the ladies wherever he performs. Bandmate of #83 and #102.
29%
104 Tessai The blacksmith of the game. You don't get him until late, REALLY wants to temper the Star Dragon Sword.
29%
69 Connell The sound effect person for this game. A kid from the Forest Village.
28%
91 Gijimu The leader of the Lampdragon Bandits, not afraid to get in a scrap. Brother of #94 and #95.
27%
103 Jude The sculptor of the game. Bring him some clay and he'll make statues for days.
27%
96 Marlowe A bespectacled bookworm from Tinto who dreams of going on an adventure like those he reads about.
27%
94 Koyo Little brother of #91 and #95. Reaches out for help when #95 is taken by Neclord.
24%
89 Tenkou The elderly window maker from Crom. Joins the army to help out.
13%
No matching quizzes found
Score Distribution
Percent of People with Each Score
Percentile by Number Answered
Your Score History
You have not taken this quiz since the last reset